000 00471cam a2200181ua 4500
020 _a0 09 154551 x
041 _aeng
_h
082 _a696.1
_bBOY/PL
100 _aBoyee, R.M .
245 _aPlumbing and mechanical services : A text book /
_cR.M.Boyee.
_hTextual Documents
250 _a1 /
_b.
260 _aLondon :
_bHutchinson And co. ,
_c1984.
300 _a246 :
_b` ; .
504 _a
700 1 _aMasterman, A.H .
942 _cBK
999 _c1798
_d1798